| 000 | 00361nam a2200145Ia 4500 | ||
|---|---|---|---|
| 008 | 220217s9999||||xx |||||||||||||| ||und|| | ||
| 020 | _a9781259058479 | ||
| 082 | _a554.1 VAL | ||
| 100 | _aValdiya K.S | ||
| 245 | 0 | _aenvironmental geology | |
| 250 | _a2 | ||
| 260 |
_aMegraw hill _bNew Delhi _c2013 |
||
| 300 |
_aXXVII, 615p. _b1360 |
||
| 650 | _aGEOLOGY | ||
| 999 |
_c186368 _d186368 |
||